书目信息 |
| 题名: |
仕途
|
|
| 作者: | 杨华团 著 | |
| 分册: | ||
| 出版信息: | 北京 新华出版社 2009.05 |
|
| 页数: | 219页 | |
| 开本: | 25cm | |
| 丛书名: | ||
| 单 册: | ||
| 中图分类: | I247.57 | |
| 科图分类: | ||
| 主题词: | 长篇小说--chang pian xiao shuo--中国--现代 | |
| 电子资源: | ||
| ISBN: | 978-7-5011-8790-4 | |
| 000 | 01347nam0 2200217 450 | |
| 001 | 559081 | |
| 005 | 20100805152748.70 | |
| 010 | @a978-7-5011-8790-4@dCNY28.00 | |
| 100 | @a20100515d2009 em y0chiy0120 ea | |
| 101 | 0 | @achi |
| 102 | @aCN@b110000 | |
| 105 | @ay z 000ay | |
| 200 | 1 | @a仕途@Ashi tu@f杨华团著@Fyang hua tuan zhu |
| 210 | @a北京@c新华出版社@d2009.05 | |
| 215 | @a219页@d25cm | |
| 330 | @a一部特别的官场小说。官场小人物的主人公“我”,在某局机关担任办公室主任一职,凡事唯唯诺诺、谨小慎微,不但对本局领导卑躬屈膝,在生活中还要忍受“小市民”妻子秦秀丽的冷嘲热讽。局内部改革,在妻子的谆谆教导以及卖力支持下,为了加官进爵而四处奔走,求爷爷告奶奶,只要八竿子能触及到的地方都扫了一遍,然而礼没送出去、钱退回来了,求门无望,只能无奈放弃。可谁也没想到天上掉馅饼会砸到自己头上,一时间“我”却被砸得找不着北。虽加官进爵却自我感觉身心俱惫,原领导焦副局长酒后驾车把人撞死了,在曹局长的“指示”下,知情的几个人隐瞒了事实的真相。焦副局肇事最后还是败露了,去了他该去的地方;曹局长为救落水儿童成了烈士;而成为代局长正等待进一步升迁的“我”却被调到“计生委”成了无权的司令。正当“我”安于享受平淡的快乐的时候,却被查出肝脏上长了癌。生死关头,见证了什么才是人间真情;... | |
| 606 | 0 | @a长篇小说@Achang pian xiao shuo@y中国@z现代 |
| 690 | @aI247.57@v4 | |
| 701 | 0 | @a杨华团@Ayang hua tuan@4著 |
| 801 | 0 | @aCN@c20100515 |
| 905 | @dI247.57@eY196@f5 | |
| 仕途/杨华团著.-北京:新华出版社,2009.05 |
| 219页;25cm |
| ISBN 978-7-5011-8790-4:CNY28.00 |
| 一部特别的官场小说。官场小人物的主人公“我”,在某局机关担任办公室主任一职,凡事唯唯诺诺、谨小慎微,不但对本局领导卑躬屈膝,在生活中还要忍受“小市民”妻子秦秀丽的冷嘲热讽。局内部改革,在妻子的谆谆教导以及卖力支持下,为了加官进爵而四处奔走,求爷爷告奶奶,只要八竿子能触及到的地方都扫了一遍,然而礼没送出去、钱退回来了,求门无望,只能无奈放弃。可谁也没想到天上掉馅饼会砸到自己头上,一时间“我”却被砸得找不着北。虽加官进爵却自我感觉身心俱惫,原领导焦副局长酒后驾车把人撞死了,在曹局长的“指示”下,知情的几个人隐瞒了事实的真相。焦副局肇事最后还是败露了,去了他该去的地方;曹局长为救落水儿童成了烈士;而成为代局长正等待进一步升迁的“我”却被调到“计生委”成了无权的司令。正当“我”安于享受平淡的快乐的时候,却被查出肝脏上长了癌。生死关头,见证了什么才是人间真情;... |
| ● |
| 相关链接 |
|
|
|
正题名:仕途
索取号:I247.57/Y196
 
预约/预借
| 序号 | 登录号 | 条形码 | 馆藏地/架位号 | 状态 | 备注 |
| 1 | 994916 | 209949163 | 文学库108/108文学库 54排2列4层/ [索取号:I247.57/Y196] | 在馆 | |
| 2 | 994917 | 209949172 | 社科二线400B/400B社科库 21排1列4层/ [索取号:I247.57/Y196] | 在馆 | |
| 3 | 994918 | 209949181 | 社科二线422/422社科库 8排1列1层/ [索取号:I247.57/Y196] | 在馆 | |
| 4 | 994919 | 209949190 | 文学库108/108文学库 54排2列4层/ [索取号:I247.57/Y196] | 在馆 | |
| 5 | 994920 | 209949207 | 文学库108/ [索取号:I247.57/Y196] | 在馆 |